000 004390000a22001810004500
003 MACL
005 20150818123248.0
008 150818b xxu||||| |||| 00| 0 eng d
040 _aMACL
_cMACL
041 _aEnglish
082 _a411
100 _aDoubtfire, Dianne
_95980
245 _aThe Craft Of Novel-Writing
260 _bArnold Heinemann
_c1984
_aNew Delhi
350 _a15
650 _aLinguistics
_95981
942 _cBK
_k411
_2ddc
999 _c6163
_d6163